Sabrina Carpenter - Tous les albums - Statistiques

Statistiques générales
  • Ce quiz a été pris 64 fois
    37 depuis la dernière actualisation
  • Le résultat moyen est 7 sur 8
Statistiques - réponses
Années Albums % Correct
2022 emails I can't send
97%
2025 Man's Best Friend
94%
2024 Short N' Sweet
94%
2018 Singular Act I
84%
2019 Singular Act II
84%
2016 EVOLution
81%
2023 fruitcake
81%
2015 Eyes Wide Open
77%
Aucun quiz correspondant
Distribution des résultats
% des personnes avec chaque résultat
Percentile par nombre de réponses
Votre historique - résultats
Vous n’avez pas pris ce quiz depuis la dernière actualisation